Расчет эффективности внедрения внутритрубной очистки и ингибирования для промысловых трубопроводов; Известия Томского политехнического университета [Известия ТПУ]; Т. 317, № 6 : Экономика. Философия, социология и культурология

Detalles Bibliográficos
Parent link:Известия Томского политехнического университета [Известия ТПУ]/ Томский политехнический университет (ТПУ).— , 2000-
Т. 317, № 6 : Экономика. Философия, социология и культурология.— 2010.— [С. 34-38]
Autor principal: Бархатов А. Ф. Александр Федорович
Otros Autores: Федин Д. В. Дмитрий Владимирович, Вазим А. А. Андрей Александрович
Sumario:Заглавие с титульного листа
Электронная версия печатной публикации
По данным, полученным на нефтедобывающем предприятии ООО "РН-ПУРНЕФТЕГАЗ", г. Губкинский, ЯНАО, выявлены основные причины отказов промысловых трубопроводов. Установлено, что наиболее эффективным способом повышения эксплуатационной надежности промысловых трубопроводов является комплексное применение технологии внутритрубной очистки и ингибирования. Показано, что применяемая в настоящий момент ингибиторная защита в ООО "РН-ПУРНЕФТЕГАЗ" неэффективна. Рассчитана экономическая эффективность внедрения технологии внутритрубной очистки и ингибирования на примере ООО "РН-ПУРНЕФТЕГАЗ".
Lenguaje:ruso
Publicado: 2010
Colección:Экономика
Materias:
Acceso en línea:http://www.lib.tpu.ru/fulltext/v/Bulletin_TPU/2010/v317/i6/07.pdf
Formato: Electrónico Capítulo de libro
KOHA link:https://koha.lib.tpu.ru/cgi-bin/koha/opac-detail.pl?biblionumber=194028

MARC

LEADER 00000nla2a2200000 4500
001 194028
005 20231031182147.0
035 |a (RuTPU)RU\TPU\book\211583 
035 |a RU\TPU\book\211582 
090 |a 194028 
100 |a 20110401d2010 k y0rusy50 ca 
101 0 |a rus 
102 |a RU 
135 |a drnn ---uucaa 
181 0 |a i  
182 0 |a b 
200 1 |a Расчет эффективности внедрения внутритрубной очистки и ингибирования для промысловых трубопроводов  |b Электронный ресурс  |f А. Ф. Бархатов, Д. В. Федин, А. А. Вазим 
203 |a Текст  |c электронный 
215 |a 1 файл (239 Кб) 
225 1 |a Экономика 
230 |a Электронные текстовые данные (1 файл : 239 Кб) 
300 |a Заглавие с титульного листа 
300 |a Электронная версия печатной публикации 
320 |a [Библиогр.: с. 38 (13 назв.)] 
330 |a По данным, полученным на нефтедобывающем предприятии ООО "РН-ПУРНЕФТЕГАЗ", г. Губкинский, ЯНАО, выявлены основные причины отказов промысловых трубопроводов. Установлено, что наиболее эффективным способом повышения эксплуатационной надежности промысловых трубопроводов является комплексное применение технологии внутритрубной очистки и ингибирования. Показано, что применяемая в настоящий момент ингибиторная защита в ООО "РН-ПУРНЕФТЕГАЗ" неэффективна. Рассчитана экономическая эффективность внедрения технологии внутритрубной очистки и ингибирования на примере ООО "РН-ПУРНЕФТЕГАЗ". 
337 |a Adobe Reader 
461 1 |0 (RuTPU)RU\TPU\book\176237  |t Известия Томского политехнического университета [Известия ТПУ]  |f Томский политехнический университет (ТПУ)  |d 2000- 
463 1 |0 (RuTPU)RU\TPU\book\211506  |x 1684-8519  |t Т. 317, № 6 : Экономика. Философия, социология и культурология  |v [С. 34-38]  |d 2010  |p 248 с. 
610 1 |a затраты 
610 1 |a трубопроводы 
610 1 |a эксплуатация 
610 1 |a экономическая эффективность 
610 1 |a технико-экономическое обоснование 
610 1 |a ручейковая коррозия 
610 1 |a ингибиторная защита 
610 1 |a внутритрубная очистка 
610 1 |a пробковая технология 
610 1 |a труды учёных ТПУ 
610 1 |a электронный ресурс 
700 1 |a Бархатов  |b А. Ф.  |c специалист в области транспорта и хранения нефти и газа  |c аспирант Томского политехнического университета  |f 1989-  |g Александр Федорович  |2 stltpush  |3 (RuTPU)RU\TPU\pers\29851 
701 1 |a Федин  |b Д. В.  |c специалист в области транспорта и хранения нефти и газа  |c аспирант Томского политехнического университета  |f 1987-  |g Дмитрий Владимирович  |2 stltpush  |3 (RuTPU)RU\TPU\pers\28650  |4 070 
701 1 |a Вазим  |b А. А.  |c российский экономист  |c доцент Томского политехнического университета, кандидат экономических наук  |f 1971-  |g Андрей Александрович  |2 stltpush  |3 (RuTPU)RU\TPU\pers\24264  |4 070 
801 1 |a RU  |b 63413507  |c 20090623  |g PSBO 
801 2 |a RU  |b 63413507  |c 20211224  |g PSBO 
856 4 |u http://www.lib.tpu.ru/fulltext/v/Bulletin_TPU/2010/v317/i6/07.pdf 
942 |c CF